|
|
|
|
| LEADER |
01019nam a22002417a 4500 |
| 001 |
38502 |
| 003 |
BD-DhAAL |
| 008 |
220522t2015 bg ||||| |||| 00| 0 ben d |
| 999 |
|
|
|c 44201
|d 44201
|
| 020 |
|
|
|a 9789840417681
|
| 040 |
|
|
|a BD-DhAAL
|c BD-DhAAL
|
| 041 |
|
|
|a ben
|
| 082 |
|
|
|a 891.443
|2 23
|
| 100 |
|
|
|a চৌধুরী, খসরুজ্জামান
|9 48524
|
| 245 |
|
|
|a পাঁচ মিনিটের গল্প /
|c খসরুজ্জামান চৌধুরী
|
| 246 |
|
|
|a Panch minuter galpa
|
| 260 |
|
|
|a ঢাকা :
|b আগামী প্রকাশনী,
|c ২০১৫.
|
| 300 |
|
|
|a ১৩৩ পৃষ্ঠা ;
|c ২২ সে.মি.
|
| 541 |
|
|
|a Donated By Akbar Ali Khan
|e 38502
|
| 650 |
|
|
|a Short stories, Bengali.
|9 48525
|
| 852 |
|
|
|a Ayesha Abed Library
|c Akbar Ali Khan Collection
|
| 942 |
|
|
|2 ddc
|c BK
|
| 952 |
|
|
|0 0
|1 0
|2 ddc
|4 0
|6 891_443000000000000_CHO
|7 1
|9 70661
|a BRACUL
|b BRACUL
|c AAKC
|d 2022-05-22
|e Donated by Akbar Ali Khan
|l 0
|o 891.443 CHO
|p 3010038502
|r 2022-05-22
|t 1
|w 2022-05-22
|y BK
|